| 000 | 00685nam a2200205 a 4500 | ||
|---|---|---|---|
| 005 | 20240228063728.0 | ||
| 008 | 140331s2006 mx r 000 0 spa d | ||
| 020 | _a9685901015 | ||
| 035 | _aUPN01000196656 | ||
| 049 | _aI | ||
| 050 | 4 |
_aQP37 _bC3.3 |
|
| 100 | 1 |
_aCaballero Leal, Laura Patricia _933109 |
|
| 245 | 1 | 1 |
_a¡Averigua más sobre-- tu cerebro, corazón y pulmones! / _cLaura Patricia Caballero Leal ; il. Hilda M. Caballlero Leal. |
| 260 |
_aMéxico : _bConstantine, _c2006. |
||
| 300 |
_a48 p. : _bil. col. |
||
| 650 | 4 |
_aCuerpo humano _vLiteratura infantil _912325 |
|
| 650 | 4 |
_aANATOMIA HUMANA - _vLITERATURA INFANTIL _9577 |
|
| 905 | _aInfantil | ||
| 999 |
_c168757 _d168757 |
||